01966cam a22003491 4500001001300000003000400013005001700017008004100034010001700075035001800092040008200110042001200192050002700204051001700231082001400248086001900262100002900281245011800310260009200428300003100520490006300551500001600614501016900630501022000799501030501019504002901324650005201353700004901405700004701454740004801501830006701549hew66000022 DLC20260227111514.0720208s1965 dcua b f000 0 eng c ahew66000022  a(OCoLC)236688 aU.S. Dept. of Health, Education, and Welfare. LibrarycODaWUdOCoLCdISSdDLC apremarc00aL111b.A6 1965, no. 30 aLB2341b.N33 a658.913780 aFS 5.253:530111 aNance, Paul Kint,d1917-10aGuide to college and university business management,cby Paul K. Nance and Leslie F. Robbins, and J. Harvey Cain. a[Washington]bU.S. Dept. of Health, Education, and Welfare, Office of Educationc[1965] avi, 169 p.billus.c24 cm.1 aUnited States. Office of Education. Bulletinv1965, no. 30 a"OE-53011." aCopy 1 of L111.A6 with: Curriculum patterns in English / Donald R. Tuttle. Washington : U.S. Govt. Print. Off., 1965. Bound together subsequent to publication.5DLC aCopy 2 of L111.A6 with: College applicants, entrants, dropouts / Robert E. Iffert. Washington : U.S. Dept. of Health, Education, and Welfare, Office of Education, 1965. Bound together subsequent to publication.5DLC aCopy 3 of L111.A6 with: Low achiever in mathematics / Lauren G. Woodby -- School transfer record system for farm migrant children / George E. Haney -- Inservice education for school counselors / Don D. Twiford. Washington : U.S. Govt. Print. Off., 1965. Bound together subsequent to publication.5DLC aIncludes bibliographies. 0aUniversities and collegesxBusiness management.1 aRobbins, Leslie Frank,d1898-ejoint author.1 aCain, Joseph Harvey,d1887-ejoint author.0 aCollege and university business management. 0aBulletin (United States. Office of Education) ;v1965, no. 30.